000 02328nam a2200565 i 4500
001 34359
003 KOSZ 005
005 20221215103607.0
008 210916s1997 pl d f |000 0 pol c
015 _aUWD 2021/39492
020 _a8386543221
035 _a(PL)b1000001055874
035 _a(EXLNZ-48OMNIS_NETWORK)9912422962105606
040 _aWA N
_cWA N
_dWA N
_dKOSZ 005/HR
046 _k1997
080 _81.1\x
_a657.05
080 _81.2\x
_a(075.8)
245 0 0 _aZaawansowana rachunkowość zarządcza :
_bproblemy, przykłady, zadania : praca zespołowa /
_cpod redakcją Alicji Jarugowej i Anny Szychty ; [autorzy: Andrzej Baniewicz, Radosław Ignatowski, Alicja Jarugowa, Lucyna Kopczyńska, Zbigniew Leszczyński, Sławomir Szejna, Anna Szychta, Marian Walczak] ; Fundacja Rozwoju Rachunkowości w Polsce.
250 _aWydanie II (nowa szata graficzna).
260 _aWarszawa :
_bFundacja Rozwoju Rachunkowości w Polsce,
_c1997.
300 _a[2], 160, [6] stron :
_bwykresy ;
_c24 cm.
336 _aTekst
_btxt
_2rdacontent
337 _aBez urządzenia pośredniczącego
_bn
_2rdamedia
338 _aWolumin
_bnc
_2rdacarrier
380 _aKsiążki
380 _aPublikacje dydaktyczne
380 _aPublikacje fachowe
385 _mPoziom nauczania
_aSzkoły wyższe
385 _aMenedżerowie
388 1 _a1901-2000
388 1 _a1989-2000
536 _aFinansowanie: Fundacja Własności Prywatnej Sami Sobie (Poznań)
650 7 _aRachunkowość zarządcza
_2DBN
655 7 _aPodręcznik
_2DBN
658 _aGospodarka, ekonomia, finanse
658 _aZarządzanie i marketing
700 1 _aJaruga, Alicja
_d(1928-2011)
_eAutor
_eRedakcja
700 1 _aSzychta, Anna
_eAutor
_eRedakcja
700 1 _aBaniewicz, Andrzej
_eAutor
700 1 _aIgnatowski, Radosław
_eAutor
700 1 _aKopczyńska, Lucyna
_eAutor
700 1 _aLeszczyński, Zbigniew
_eAutor
700 1 _aSzejna, Sławomir
_eAutor
700 1 _aWalczak, Marian
_eAutor
710 2 _aFundacja Rozwoju Rachunkowości w Polsce
_4pbl
856 _uhttp://koha.tu.koszalin.pl/cgi-bin/koha/opac-detail.pl?biblionumber=34359
_yKatalog online BPK
942 _2UKD
_cKS
999 _c34359
_d34359